Представление документа в формате RUSMARC

ПолеНазваниеЗначение
  Тип записи a
  Библиографический уровень m
001 Контрольный номер RU/ГПНТБ России/KNIGADB/65.263.22/Г 91-166874615
005 Дата корректировки 20230111115104.2
010 Индекс ISBN __
a ISBN 978-5-9614-6544-0
b Уточнения в пер.
b Уточнения рус.
d Цена 1744-40; 1463-00
010 Индекс ISBN __
a ISBN 978-0-06-055566-5
b Уточнения англ.
9 Тираж 20000 экз.
100 Данные общей обработки __
a Данные общей обработки 20220217d2021 meay0rusy028902 ca
101 Язык документа 1_
a Язык текста rus
c Язык оригинала eng
102 Страна публикации __
a Страна публикации RU
105 Кодированные данные (монография) __
a Кодированные данные (монография) a zz 000yy
181 Поле кодированных данных: вид содержания _0
a Код вида содержания (ISBD) i
182 Поле кодированных данных: тип средства _0
a Код типа средства (ISBD) n
200 Заглавие и сведения об ответственности 1_
a Заглавие Разумный инвестор
e Сведения, относящиеся к заглавию полное руководство по стоимостному инвестированию
e Сведения, относящиеся к заглавию перевод с английского
f Первые сведения об ответственности Бенджамин Грэм
g Последующие сведения об ответственности дополнения и комментарии Джейсона Цвейга ; [предисловие Уоррена Баффетта]
203 Вид содержания и тип средства __
a Вид содержания Текст
c Тип средства непосредственный
205 Сведения об издании __
a Основные сведения об издании 5-е издание
210 Выходные данные 1_
a Место издания Москва
c Издательство Альпина Паблишер
d Дата издания 2021
215 Физическое описание __
a Объем 567 с.
c Иллюстрации/тип воспроизводства табл.
d Формат 25 см
225 Серия 2_
a Серия Бизнес
300 Общие примечания __
a Общие примечания На обложке: Международный бестселлер
300 Общие примечания __
a Общие примечания Впервые на русском языке полное издание
320 Библиография __
a Библиография Библиография: с. 558-567 и в подстрочных примечаниях
330 Аннотация __
a Аннотация Мировой бестселлер, выдержавший множество переизданий по всему миру, книга Бенджамина Грэма (1894–1976) является уникальным пособием по выстраиванию инвестиционной политики. Автор, всемирно известный экономист и авторитетный профессиональный инвестор, главное внимание уделяет не анализу ценных бумаг, а принципам инвестирования, предлагая действовать разумно и осторожно независимо от поведения фондового рынка. Бенджамин Грэм показывает, как много возможностей открывается перед инвестором, ведущим себя, как расчетливый бизнесмен. Разработанные автором подходы к инвестированию - такие как стоимостное инвестирование по оборотным активам, предпринимательское и защищенное стоимостное инвестирование - это бесценные инструменты, безотказно действующие даже в условиях самого капризного рынка.
454 Оригинал _0
1 2001
a The Intelligent Investor
f Benjamin Graham
1 700 1
a Graham
g Benjamin
b B.
540 Дополнительное заглавие, сделанное каталогизатором 10
a Дополнительное заглавие, сделанное каталогизатором Полное руководство по стоимостному инвестированию
606 Тематические рубрики __
a Основная рубрика Экономика
2 Код системы nlr_sh
606 Тематические рубрики __
2 Код системы nlr_sh
a Основная рубрика Инвестиции
610 Ключевые слова 1_
a Ключевые слова деньги
610 Ключевые слова 1_
a Ключевые слова личные финансы
610 Ключевые слова 1_
a Ключевые слова саморазвитие
610 Ключевые слова 1_
a Ключевые слова самосовершенствование
610 Ключевые слова 1_
a Ключевые слова прибыль
610 Ключевые слова 1_
a Ключевые слова биржи
610 Ключевые слова 1_
a Ключевые слова фондовый рынок
610 Ключевые слова 1_
a Ключевые слова акции
610 Ключевые слова 0_
a Ключевые слова частные инвестиции
610 Ключевые слова 0_
a Ключевые слова стоимостное инвестирование
610 Ключевые слова 0_
a Ключевые слова пакеты акций
610 Ключевые слова 0_
a Ключевые слова инфляция
610 Ключевые слова 0_
a Ключевые слова ценные бумаги
610 Ключевые слова 0_
a Ключевые слова варранты
610 Ключевые слова 0_
a Ключевые слова дивиденды
610 Ключевые слова 0_
a Ключевые слова инвестиционные фонды
610 Ключевые слова 1_
a Ключевые слова трейдинг
686 Индексы других классификаций __
2 Код системы rubbks
a Классификационный индекс 65.263
700 Автор _1
a Фамилия Грэм
b Имя Б.
g Полное личное имя Бенджамин
f Даты 1894-1979
4 Код отношения 070
702 Вторичная интеллектуальная ответственность _1
a Фамилия Цвейг
b Имя Дж.
g Полное личное имя Джейсон
4 Код отношения 080
702 Вторичная интеллектуальная ответственность _1
a Фамилия Баффетт
b Имя У.
g Полное личное имя Уоррен
f Даты 1930-
4 Код отношения 080
801 Источник записи _0
b Организация ГПНТБ России
a Страна RU
c Дата составления 20220217
g Правила каталогизации PSBO
801 Источник записи _1
b Организация ГПНТБ России
a Страна RU
c Дата составления 20220217
g Правила каталогизации PSBO
852 Данные о местонахождении 5_
i Авторский знак Г 91
j Шифр хранения 65.263
900 Макрообъекты __
a Макрообъекты Разумный инвестор. Б. Грэм, 2021
901 Тип документа __
a Ответственный КиК/Котельникова
t Тип документа m
903 Характеристики (МАРС) __
a Дата передачи 20220829; 20220217
c Наименование библиотеки (МАРС) Муниципальное бюджетное учреждение культуры "Централизованная библиотечная система" г. Сургут (Центральная городская библиотека им. А. С. Пушкина)
990 Данные о заказе (DOS) __
j Количество экземпляров (DOS) 2; 3
t N записи в КСУ для И/У (DOS) 202209; 202202